| 000 | 00607nam a2200193 a 4500 | ||
|---|---|---|---|
| 001 | 000048094 | ||
| 005 | 20201002060921.0 | ||
| 008 | 181115s2015 dr a 000 0 spa d | ||
| 020 | _a9789945167061 | ||
| 040 |
_aDO-SdBNP _bspa _cBNPHU |
||
| 082 |
_axxx _bR239d |
||
| 100 | 1 |
_aRauber, Isabel _953755 |
|
| 245 | 1 | 0 | _aDoña Piki. |
| 260 |
_aSanto Domingo : _bPasado y presente 21, _c2015. |
||
| 300 |
_a126p. : _bil. ; _c23 cm. |
||
| 500 | _aIncluye datos biográficos del autor en las solapas | ||
| 500 | _aIncluye datos biográficos del autor en la solapa de lacubierta | ||
| 590 | _aInventariado, 2018/MFF | ||
| 999 |
_c47582 _d47582 |
||